Normal view
MARC view
Entry Personal Name
001 - CONTROL NUMBER
- control field: 17016
003 - CONTROL NUMBER IDENTIFIER
- control field: ARRUPE
005 - DATE AND TIME OF LATEST TRANSACTION
- control field: 20150409134221.0
008 - FIXED-LENGTH DATA ELEMENTS
- fixed length control field: 150409|| aca||aabn | a|a d
040 ## - CATALOGING SOURCE
- Original cataloging agency: ARRUPE
- Transcribing agency: ARRUPE
100 ## - HEADING--PERSONAL NAME
- Personal name: Thomson, A. J. P.
- Fuller form of name: (Alexander John Peter)
670 ## - SOURCE DATA FOUND
- Source citation: Work cat.: (ARRUPE)0: Thomson, A. J. P. (Alexander John Peter), Adorno :, 2006.